| 000 | 00739nam a22002297a 4500 | ||
|---|---|---|---|
| 003 | NUST - PNEC | ||
| 005 | 20170116180953.0 | ||
| 008 | 150909b xxu||||| |||| 00| 0 eng d | ||
| 020 | _a0133006255 | ||
| 020 | _a9788120327504 | ||
| 020 | _a9789332555136 | ||
| 040 | _cLIBRARY | ||
| 082 | _a621.382 PRO | ||
| 100 |
_94 _aProakis John G |
||
| 245 |
_aCommunication systems engineering _cJohn G Proakis |
||
| 250 | _a2nd ed. | ||
| 260 |
_aNew Delhi _bPearson Education _cc.2002 |
||
| 300 | _a801 pages | ||
| 650 |
_93138 _aTelecommunication _xEE / EL |
||
| 856 | _uhttp://www.amazon.com/Communication-Systems-Engineering-Proakis-Masoud/dp/8120327500/ref=sr_1_1?ie=UTF8&qid=1455002946&sr=8-1&keywords=9788120327504 | ||
| 942 |
_2ddc _cBK |
||
| 999 |
_c66489 _d66489 |
||